fairy tail characters - Statistics

General Stats
  • This quiz has been taken 31 times
  • The average score is 50 of 229
Answer Stats
Answer % Correct
erza
95%
future lucy
95%
lucky
95%
natsu
95%
gray
91%
lucy
91%
happy
82%
wendy
73%
mirajane
68%
carla
64%
makarov
64%
future rogue
59%
laxus
59%
rogue
59%
sting
59%
zeref
59%
gajeel
55%
lisanna
55%
mavis
55%
ultear
55%
acnologia
50%
cana
50%
elfman
50%
eve
50%
evergreen
50%
juvia
50%
capricorn
45%
freed
45%
jellal
45%
loke
45%
macao
45%
aquarius
41%
cancer
41%
cobra
41%
gemini
41%
gildarts
41%
igneel
41%
levy
41%
romeo
41%
taurus
41%
ur
41%
bickslow
36%
kagura
36%
lyon
36%
mest
36%
minerva
36%
panther lily
36%
pisces
36%
scorpio
36%
virgo
36%
angel
32%
aries
32%
bisca
32%
brain/zero
32%
brandish
32%
hibiki
32%
irene
32%
jet
32%
libra
32%
midnight
32%
sagittarius
32%
sherria
32%
silver
32%
yukino
32%
alzack
27%
droy
27%
frosch
27%
ichiya
27%
layla
27%
lector
27%
mystogan
27%
sherry
27%
wakaba
27%
yuri
27%
deliora
23%
dimaria
23%
erigor
23%
meredy
23%
metalicana
23%
millianna
23%
nab
23%
Plue
23%
ren
23%
simon
23%
warren
23%
august
18%
bob
18%
coco
18%
grandine
18%
hisui
18%
jackal
18%
jura
18%
kageyama
18%
kinana
18%
lahar
18%
max
18%
nichiya
18%
org
18%
orga
18%
racer
18%
rufus
18%
sol
18%
toby
18%
asuka
14%
atlas flame
14%
azuma
14%
bluenote
14%
crux
14%
flare
14%
franmalth
14%
horologium
14%
hoteye
14%
ivan
14%
jenny
14%
jiemma
14%
jose
14%
kain
14%
kawazu
14%
keyes
14%
kyoka
14%
laki
14%
lamy
14%
lullaby
14%
lyra
14%
mard geer
14%
michelle
14%
neinhart
14%
ooba
14%
precht
14%
rustyrose
14%
seilah
14%
skiadrum
14%
sugarboy
14%
tempester
14%
torafuza
14%
totomaru
14%
weisslogia
14%
yomazu
14%
yuka
14%
zancrow
14%
zoldeo
14%
arana
9%
aria
9%
beth
9%
bloodman
9%
byro
9%
crawford
9%
dan
9%
dobengal
9%
ezel
9%
faust
9%
god serena
9%
hughes
9%
jacob lessio
9%
jude
9%
juliet
9%
kaby
9%
karen
9%
larcade
9%
mari
9%
moka
9%
porlyusica
9%
risley
9%
samuel
9%
vijeeter
9%
wall
9%
yajima
9%
zera
9%
zirconis
9%
ajeel
5%
arcadios
5%
bacchus
5%
belno
5%
bobo
5%
boze
5%
caelum
5%
cosmos
5%
cubellios
5%
daphne
5%
darton
5%
everlue
5%
fukuro
5%
goldmine
5%
gutman
5%
heine
5%
hilda
5%
ikaruga
5%
invel
5%
jager
5%
jason
5%
kama
5%
karacka
5%
klodoa
5%
kurohebi
5%
lapointe
5%
lulu
5%
michello
5%
nadi
5%
nobarly
5%
nullpudding
5%
obra
5%
ophiuchus
5%
pyxis
5%
rob
5%
rocker
5%
roubaul
5%
semmes
5%
sho
5%
siegrain
5%
sue
5%
velveno
5%
vidaldus
5%
wally
5%
warcry
5%
angelica
0%
chapati
0%
doriate
0%
kaika
0%
kanaloa
0%
marin
0%
nadal
0%
neppa
0%
nico
0%
nightwalker
0%
serena
0%
shagotte
0%
uosuke
0%
yajeel
0%
No matching quizzes found
Score Distribution
Percent of People with Each Score
Percentile by Number Answered
Your Score History
You have not taken this quiz